| 000 | 01416nac a22002531u 4500 | ||
|---|---|---|---|
| 008 | 100914t xxu||||| |||| 00| 0 eng d | ||
| 010 | _a 2001034507 | ||
| 020 | _a0072483083 | ||
| 020 | _a0071121919 | ||
| 082 | 0 | 0 |
_a629.8 _bDOR |
| 100 |
_aDorsey, John. _919010 |
||
| 245 | 1 | 0 |
_aContinuous and Discrete Control Systems : _bModeling, Identification, Design, and Implementation / _cJohn Dorsey |
| 260 |
_aBoston : _bMcGraw-Hill, _cc2002. |
||
| 300 |
_axix, 727 p. : _bill. ; _c24 cm. + _e1 computer optical disc (4 3/4 in.) |
||
| 490 |
_93741 _aMcGraw-Hill series in electrical and computer engineering |
||
| 504 | _aIncludes bibliographical references and index. | ||
| 650 | 0 |
_aAutomatic control. _919011 |
|
| 650 | 0 |
_aControl theory. _919012 |
|
| 942 |
_cBB _k629.8DOR _2ddc |
||
| 999 |
_c4983 _d4983 |
||